Principles Of Systematic Zoology (Record no. 37030)

MARC details
000 -LEADER
fixed length control field 00434nam a2200145Ia 4500
008 - FIXED-LENGTH DATA ELEMENTS--GENERAL INFORMATION
fixed length control field 211109s9999||||xx |||||||||||||| ||und||
082 ## - DEWEY DECIMAL CLASSIFICATION NUMBER
Classification number 578.012
Item number MAY-P
100 ## - MAIN ENTRY--PERSONAL NAME
Personal name Mayr, Ernst
245 #0 - TITLE STATEMENT
Title Principles Of Systematic Zoology
260 ## - PUBLICATION, DISTRIBUTION, ETC.
Name of publisher, distributor, etc. Mc Graw-Hill Book Company
Place of publication, distribution, etc. New York
Date of publication, distribution, etc. 1969
300 ## - PHYSICAL DESCRIPTION
Extent 428p.
630 ## - SUBJECT ADDED ENTRY--UNIFORM TITLE
General subdivision Reference Reading Room
650 ## - SUBJECT ADDED ENTRY--TOPICAL TERM
Topical term or geographic name entry element NATURAL SCIENCES
942 ## - ADDED ENTRY ELEMENTS (KOHA)
Koha item type BOOK
650 ## - SUBJECT ADDED ENTRY--TOPICAL TERM
Form subdivision BIOLOGYSYSTEMATIC ZOOLOGYZOOLOGY
General subdivision Generalia
Holdings
Withdrawn status Lost status Source of classification or shelving scheme Damaged status Not for loan Home library Current library Date acquired Cost, normal purchase price Full call number Barcode Shelving location Date last seen Price effective from Koha item type
    Dewey Decimal Classification     SB LIBRARY SB LIBRARY 09/11/2021 100.00 578.012 MAY-P 00038428 REFERENCE READING ROOM 09/11/2021 09/11/2021 BOOK

Powered by Koha